Musanwi Pas che Bayad Kro muga Musafer / (Record no. 196511)
[ view plain ]
| 000 -LEADER | |
|---|---|
| fixed length control field | 00384 a2200157 4500 |
| 003 - CONTROL NUMBER IDENTIFIER | |
| control field | Nust |
| 005 - DATE AND TIME OF LATEST TRANSACTION | |
| control field | 20230221101407.0 |
| 040 ## - CATALOGING SOURCE | |
| Transcribing agency | Nust |
| 082 ## - DEWEY DECIMAL CLASSIFICATION NUMBER | |
| Classification number | 297,IQB |
| 100 ## - MAIN ENTRY--PERSONAL NAME | |
| Personal name | Iqbal |
| 9 (RLIN) | 17522 |
| 245 ## - TITLE STATEMENT | |
| Title | Musanwi Pas che Bayad Kro muga Musafer / |
| Statement of responsibility, etc. | Iqbal |
| 260 ## - PUBLICATION, DISTRIBUTION, ETC. | |
| Place of publication, distribution, etc. | Lahore |
| Name of publisher, distributor, etc. | Sheh Gulam Ali and Sans |
| Date of publication, distribution, etc. | 1958 |
| 300 ## - PHYSICAL DESCRIPTION | |
| Extent | 44p; |
| 538 ## - SYSTEM DETAILS NOTE | |
| System details note | Almirah No.66 Shelf No.51 |
| 942 ## - ADDED ENTRY ELEMENTS (KOHA) | |
| Source of classification or shelving scheme | |
| Koha item type | Book |
| Withdrawn status | Lost status | Source of classification or shelving scheme | Damaged status | Not for loan | Permanent Location | Current Location | Shelving location | Date acquired | Full call number | Barcode | Date last seen | Price effective from | Koha item type | Public note |
|---|---|---|---|---|---|---|---|---|---|---|---|---|---|---|
| Military College of Signals (MCS) | Military College of Signals (MCS) | General Stacks | 12/12/2016 | 297,IQB | MCS36776 | 12/08/2016 | 12/12/2016 | Book | Almirah No.63, Shelf No.2 |
